<?xml version="1.0" encoding="UTF-8"?>
<record
    xmlns:xsi="http://www.w3.org/2001/XMLSchema-instance"
    xsi:schemaLocation="http://www.loc.gov/MARC21/slim http://www.loc.gov/standards/marcxml/schema/MARC21slim.xsd"
    xmlns="http://www.loc.gov/MARC21/slim">

  <leader>01359nam a22003017i 4500</leader>
  <datafield tag="999" ind1=" " ind2=" ">
    <subfield code="c">23364</subfield>
    <subfield code="d">23364</subfield>
  </datafield>
  <controlfield tag="003">AR-CdUCM</controlfield>
  <controlfield tag="008">250819b20192019 pe||||| |||| 00| 0 spa d</controlfield>
  <datafield tag="040" ind1=" " ind2=" ">
    <subfield code="a">MUNICIPALIDAD PROVINCIAL DEL CUSCO</subfield>
    <subfield code="c">BIBLIOTECA MUNICIPAL DEL CUSCO</subfield>
  </datafield>
  <datafield tag="082" ind1=" " ind2=" ">
    <subfield code="a">333.72098561 / S</subfield>
    <subfield code="b">S</subfield>
  </datafield>
  <datafield tag="100" ind1=" " ind2=" ">
    <subfield code="a">BODAS DE RUB&#xCD;  - SOPRONAC - CUSCO</subfield>
  </datafield>
  <datafield tag="110" ind1=" " ind2=" ">
    <subfield code="a">Sociedad Protectora de la Naturaleza - Cusco </subfield>
    <subfield code="9">51383</subfield>
  </datafield>
  <datafield tag="245" ind1=" " ind2=" ">
    <subfield code="a">BODAS DE RUB&#xCD;  - SOPRONAC - CUSCO</subfield>
  </datafield>
  <datafield tag="300" ind1=" " ind2=" ">
    <subfield code="a">126 p&#xE1;ginas. :</subfield>
    <subfield code="b">Ilustraciones</subfield>
    <subfield code="c">30x21 cm.</subfield>
  </datafield>
  <datafield tag="500" ind1=" " ind2=" ">
    <subfield code="z">P&#xE1;gina 125</subfield>
  </datafield>
  <datafield tag="505" ind1=" " ind2=" ">
    <subfield code="a">Cuarenta a&#xF1;os dedicados a la conservaci&#xF3;n de la naturaleza en cusco -- Asentamientos en el valle del Cusco -- Destrucci&#xF3;n del patrimonio -- Laguna de Quinsaccocha en peligro de contaminaci&#xF3;n -- Importancia de la Agricultura org&#xE1;nica -- Acciones d4e mejoramiento gen&#xE9;tico -- &#xC1;reas naturales protegidas en la reg&#xED;on del Cusco</subfield>
  </datafield>
  <datafield tag="650" ind1=" " ind2=" ">
    <subfield code="a">Conservaci&#xF3;n de la naturaleza </subfield>
    <subfield code="9">44113</subfield>
  </datafield>
  <datafield tag="650" ind1=" " ind2=" ">
    <subfield code="a">Bi&#xF3;sfera de Machupicchu</subfield>
    <subfield code="9">51384</subfield>
  </datafield>
  <datafield tag="650" ind1=" " ind2=" ">
    <subfield code="a">Cultivo de papa en Cusco</subfield>
    <subfield code="9">51385</subfield>
  </datafield>
  <datafield tag="650" ind1=" " ind2=" ">
    <subfield code="a">Pinturas</subfield>
    <subfield code="9">4997</subfield>
  </datafield>
  <datafield tag="700" ind1=" " ind2=" ">
    <subfield code="a">Olazabal Monteagudo, Gilma</subfield>
    <subfield code="9">51386</subfield>
  </datafield>
  <datafield tag="700" ind1=" " ind2=" ">
    <subfield code="a">Araoz Villasante, Arel&#xED;</subfield>
    <subfield code="9">9231</subfield>
  </datafield>
  <datafield tag="700" ind1=" " ind2=" ">
    <subfield code="a">Saloma Gonzales, Adolfo</subfield>
    <subfield code="9">47572</subfield>
  </datafield>
  <datafield tag="700" ind1=" " ind2=" ">
    <subfield code="a">Miranda Villena, Lida</subfield>
    <subfield code="9">51387</subfield>
  </datafield>
  <datafield tag="700" ind1=" " ind2=" ">
    <subfield code="a">Hernandes Miranda, Rosa</subfield>
    <subfield code="9">51388</subfield>
  </datafield>
  <datafield tag="942" ind1=" " ind2=" ">
    <subfield code="2">ddc</subfield>
    <subfield code="c">LIBROS</subfield>
  </datafield>
  <datafield tag="945" ind1=" " ind2=" ">
    <subfield code="a">pbjr</subfield>
    <subfield code="d">19-08-2020</subfield>
  </datafield>
  <datafield tag="952" ind1=" " ind2=" ">
    <subfield code="0">0</subfield>
    <subfield code="2">ddc</subfield>
    <subfield code="4">0</subfield>
    <subfield code="7">0</subfield>
    <subfield code="a">SH</subfield>
    <subfield code="b">SH</subfield>
    <subfield code="c">CART</subfield>
    <subfield code="d">2025-08-19</subfield>
    <subfield code="e">Dep&#xF3;sito legal</subfield>
    <subfield code="g">15.00</subfield>
    <subfield code="o">333.72098561 / S </subfield>
    <subfield code="p">SH0000016975</subfield>
    <subfield code="r">2025-08-19</subfield>
    <subfield code="y">LIBROS</subfield>
  </datafield>
</record>
